№ 6; Гидрохимия Урала

Xehetasun bibliografikoak
Parent link:Гидрохимия Урала: [сборник статей]/ СССР, Государственный комитет по гидрометеорологии и контролю природной среды (Госкомгидромет СССР) ; Уральское территориальное управление по гидрометеорологии и контролю природной среды. № 6.— , 1971-1985
Beste egile batzuk: Черняева Л. Е. Лидия Ефимовна (редактор)
Hizkuntza:errusiera
Argitaratua: 1979
Gaiak:
Formatua: MixedMaterials Liburua
KOHA link:https://koha.lib.tpu.ru/cgi-bin/koha/opac-detail.pl?biblionumber=325588

MARC

LEADER 00000nam2a2200000 4500
001 325588
005 20231102003758.0
035 |a (RuTPU)RU\TPU\book\351203 
035 |a RU\TPU\book\301083 
090 |a 325588 
100 |a 20161208d1979 k y0rusy5003 ca 
101 0 |a rus 
102 |a RU 
105 |a a z 001zy 
200 0 |a № 6  |f под ред. Л. Е. Черняевой 
210 |d 1979 
215 |a 98 с.  |c ил. 
320 |a Библиография в конце статей 
461 1 |0 (RuTPU)RU\TPU\book\300788  |t Гидрохимия Урала  |o [сборник статей]  |f СССР, Государственный комитет по гидрометеорологии и контролю природной среды (Госкомгидромет СССР) ; Уральское территориальное управление по гидрометеорологии и контролю природной среды  |v № 6  |d 1971-1985 
606 1 |a Гидрохимия  |2 stltpush  |3 (RuTPU)RU\TPU\subj\7089  |9 34820 
610 1 |a Урал 
610 1 |a содовые озера 
610 1 |a подземные воды 
610 1 |a минеральные воды 
610 1 |a химический состав 
610 1 |a медь 
610 1 |a грязевые ресурсы 
610 1 |a природные воды 
610 1 |a золото 
610 1 |a хром 
610 1 |a миграция 
610 1 |a реки 
610 1 |a нефтепродукты 
610 1 |a самоочищение 
610 1 |a ландшафты 
610 1 |a увлажненность 
675 |a 556.114  |z rus  |v 4 
702 1 |a Черняева  |b Л. Е.  |g Лидия Ефимовна  |4 340 
801 0 |a RU  |b 63413507  |c 19950704  |g psbo 
801 1 |a RU  |b 63413507  |c 20141206 
801 2 |a RU  |b 63413507  |c 20171207  |g RCR 
942 |c BK